000 00715nam a22002417a 4500
003 UA-OsUOA
001 120001
007 ta
008 20161205b un ||||| |||| 00| 0 ukr d
100 _aТаїрова-Яковлева Е. Г.
090 _a94(477).04(092)
_bТ14
942 _cBK
040 _aUA-OsUOA
_bukr
_cUA-OsUOA
_dUA-OsUOA
245 _aГетьмани України. Історії про славу, трагедії та мужність
300 _a424 с.
955 _a1
041 _aukr
080 _a94(477).04(092)
020 _a978-617-7023-33-2
260 _aК.
_bКліо
_c2015
650 7 _a9 Географія. Біографії. Історія
_2UDC
999 _c406085
_d406085